Personnalités au hasard #32 - Statistiques

Statistiques générales
  • Ce quiz a été pris 230 fois
  • Le résultat moyen est 9 sur 32
Statistiques - réponses
Par images Réponse % Correct
Jean Dujardin
96%
Olivier Giroud
89%
Jean Moulin
73%
Bruno Guillon
56%
Venus Williams
54%
Juliette Armanet
51%
Chimène Badi
46%
Amandine Henry
45%
Mike Horn
39%
Baptiste Giabiconi
38%
Philippe Bouvard
31%
Yasser Arafat
29%
Shera Kerienski
27%
Zaho de Sagazan
26%
Jean-Michel Aphatie
23%
Jane Fonda
20%
Dwight D. Eisenhower
17%
Adèle Haenel
15%
Valérie Benguigui
14%
Sibeth Ndiaye
13%
Mata Hari
12%
Caroline Diament
11%
Héloïse Martin
11%
Charlotte Bonnet
9%
Michaël Zemmour
6%
Sandra Hüller
6%
Thomas Piketty
6%
Saint Levant
5%
Al Gore
2%
Kenzō Takada
2%
Narges Mohammadi
2%
Nick Cordero
1%
Aucun quiz correspondant
Distribution des résultats
% des personnes avec chaque résultat
Percentile par nombre de réponses
Votre historique - résultats
Vous n’avez pas pris ce quiz